Poistenie rizika nanotechnológií

Charakteristika nanotechnológie. Poisťovanie nanotechnológie. Identifikácia a správne ocenenie nových rizík súvisiacich s výrobou a využívaním nanotechnológií.

Salvato in:
Dettagli Bibliografici
Autore principale: Krátka, Zuzana, 1968-
Natura: Capitolo di libro
Lingua:slovacco
Soggetti:
Tags: Aggiungi Tag
Nessun Tag, puoi essere il primo ad aggiungerne!!

MARC

LEADER 00000naa$a2200000$$$4500
001 0080949
005 20240502071919.6
041 0 |a slo 
044 |a SK 
245 1 0 |a Poistenie rizika nanotechnológií  |c Zuzana Krátka 
520 |a Charakteristika nanotechnológie. Poisťovanie nanotechnológie. Identifikácia a správne ocenenie nových rizík súvisiacich s výrobou a využívaním nanotechnológií. 
610 2 0 |a poistenie 
610 2 0 |a poistenie rizikové 
610 2 0 |a nanotechnológie 
100 1 |a Krátka, Zuzana, 1968-